000 00333 a2200157 4500
001 155351
040 _cEscola São Tomás de Aquino
100 _aSMOLE, Kátia Stocco
240 1 0 _aMATEMÁTICA
_lpor
245 1 0 _aMATEMÁTICA
300 _a352
362 0 _a2010
440 1 _aSaraiva
697 _aMATEMÁTICA
942 _cBK
999 _c155351
_d155351